000 00519nam a2200217Ia 4500
003 OSt
005 20220924134807.0
006 a|||||r|||| 00| 0
007 ta
008 220923b |||||||| |||| 00| 0 ben d
024 _a287275
037 _cTextual
040 _aARTS
_cARTS
_bben
041 _2ben
_aben
082 _a64, 157K4
100 _aBodhisattwa
_9209263
245 0 _aBharater judughare
260 _c1964
942 _h64, 157K4
_cTEXL
_2CC
999 _c438606
_d438606